A dictionary of the economic products of the Malay Peninsula

Bibliographic Details
Main Author: BURKILL Isaac Henry
Format: Book
Published: Kuala Lumpur : Ministry of Agriculture and Co-operatives , 1966
Subjects:

MARC

LEADER 00000cam a2200000 7i4500
001 0000001108
005 20140103.0
090 0 0 |a R338.020321   |b BUR 1966 
100 1 0 |a BURKILL   |h I. H. [  |q Isaac Henry] 
245 1 2 |a A dictionary of the economic products of the Malay Peninsula   |c by I.H. Burkill   |f With contributions by William Birtwistle ... [et al.] 
260 0 0 |a Kuala Lumpur :   |b Ministry of Agriculture and Co-operatives ,   |c 1966 
300 |a 2 vol. (2444p.) ;   |c 24 cm. . 
500 0 0 |a Contents: vol.1- (A-H), vol.2 - (I-Z) 
650 0 0 |a Farm produce   |z Malaysia   |x Dictionaries 
998 |a JPSM 
999 |a 0000002001   |b Monograph   |c Reference   |e Default branch 
999 |a 0000002348   |b Monograph   |c Reference   |e Default branch 
999 |a 0000003190   |b Monograph   |c Reference   |e Default branch 
999 |a 0000003191   |b Monograph   |c Reference   |e Default branch 
999 |a 0000004175   |b Monograph   |c Reference   |e Default branch 
999 |a 0000004177   |b Monograph   |c Reference   |e Default branch